A textbook of engineering mathematics : (Record no. 142355)

MARC details
000 -LEADER
fixed length control field 00715nam a2200241 a 4500
008 - FIXED-LENGTH DATA ELEMENTS--GENERAL INFORMATION
fixed length control field
020 ## - INTERNATIONAL STANDARD BOOK NUMBER
International Standard Book Number 8131506924 (pbk.)
049 ## - LOCAL HOLDINGS (OCLC)
Holding library MAIN
090 ## - LOCALLY ASSIGNED LC-TYPE CALL NUMBER (OCLC); LOCAL CALL NUMBER (RLIN)
Classification number (OCLC) (R) ; Classification number, CALL (RLIN) (NR) TA330
Local cutter number (OCLC) ; Book number/undivided call number, CALL (RLIN) O'NE
003 - CONTROL NUMBER IDENTIFIER
control field
005 - DATE AND TIME OF LATEST TRANSACTION
control field 20230123125502.0
040 ## - CATALOGING SOURCE
Transcribing agency NUST
100 1# - MAIN ENTRY--PERSONAL NAME
Personal name O'Neil, Peter V.
100 ## - MAIN ENTRY--PERSONAL NAME
Personal name Sengar, Santosh K.
245 10 - TITLE STATEMENT
Title A textbook of engineering mathematics :
Number of part/section of a work Volume 1 /
Statement of responsibility, etc. Peter V. O'Neil, Santosh K. Sengar.
260 ## - PUBLICATION, DISTRIBUTION, ETC.
Place of publication, distribution, etc. New Delhi :
Name of publisher, distributor, etc. CENGAGE Learning ,
Date of publication, distribution, etc. 2009.
300 ## - PHYSICAL DESCRIPTION
Extent vi, 582 p. ;
Dimensions 25 cm.
500 ## - GENERAL NOTE
General note Includes index.
650 #0 - SUBJECT ADDED ENTRY--TOPICAL TERM
Topical term or geographic name entry element Engineering mathematics.
700 ## - ADDED ENTRY--PERSONAL NAME
Personal name Sengar, Santosh K.
907 ## - LOCAL DATA ELEMENT G, LDG (RLIN)
a .b10322115
b 20-11-12
c 01-11-12
942 ## - ADDED ENTRY ELEMENTS (KOHA)
Koha item type Ordinary Loan Books
Call number prefix TA330
Call number suffix O'NE
Holdings
Date last seen Total Checkouts Full call number Barcode Cost, replacement price Price effective from Koha item type Lost status Source of classification or shelving scheme Damaged status Not for loan Collection Withdrawn status Home library Current library Shelving location Date acquired Cost, normal purchase price
01/23/2023 16 TA330 ONE 92004032091 80.00 01/23/2023 BOOKS   LCC     NFIC   MAIN MAIN GEN 01/23/2023 80.00